Письма Иоселовича

Доступно только в Электронных читальных залах Найти на картеНа карте
RUSMARC
00003869nmc2a22002653x 450
0019ebc0ee1-1494-4515-9484-2c8b65a89b8f
00520220701142708.0
100##$a20220622l19001904k y0rusy50 ca
1010#$ager
102##$aRU
105##$ay z |||e|
1222#$ad19001231
$ad19041231
2001#$aПисьма Иоселовича
$j1900-1904
215##$a114 листов
$cфот.
251##$cДело
300##$aТекст на немецком языке
300##$aЛисты: 60 - вырезки из газет; 5, 29, 38, 41, 57, 62, 100, 102, 103, 110, 111 - открытки; 2 - фотография; 1 - конверт; 100 - оторвана марка
300##$aРукописный и типографский текст
461#0$100146f31c0b-2482-4a55-a7be-cfce92df5576
$12001
$aЭнгельгардт Василий Павлович, барон, астроном, музыкант, собиратель материалов о А. В. Суворове
$1251
$cФонд
$1852
$j1824
462#0$10017889321c-552f-4516-aff1-d25a6bed3147
$12001
$aДела постоянного хранения. 1898-1912 гг.
$vД. 25
$1251
$cОпись
$1852
$j1
600#1$aЭнгельгардт
$bВ. П.
$cбарон
$gВасилий Павлович
600#1$aИоселович
801#0$aRU
$bGA_RF
801#1$aRU
$bГлавНИВЦ
$c20220622
$2rusmarc
801#2$aRU
$bПБ им. Б.Н. Ельцина
$c20220701
$gRCR
$2rusmarc
852##$aГА РФ
$j25
937##$d176995929
$hГАРФ
035##$aRuPRLIB51067618
856##$uhttp://readingroom.main.prlib.ru/item.aspx?id_node=n176995929&mode=full
Формат отображения